| 000 | 00550nam a2200205 a 4500 | ||
|---|---|---|---|
| 005 | 20240806064020.0 | ||
| 008 | 131202s1991 mx r 000 0 spa d | ||
| 020 | _a9580449007 | ||
| 035 | _aUPN01000194370 | ||
| 049 | _aCG | ||
| 050 | 4 |
_aPR6052 L2.3 _bF8.3 |
|
| 100 | 1 |
_aBlacker, Terence, _d1948- _933185 |
|
| 245 | 1 | 3 |
_aEl fugitivo / _cTerence Blacker ; tr. Juan Manuel Pombo. |
| 260 |
_aBogotá : _bNorma, _c1991. |
||
| 300 | _a168 p. | ||
| 440 | 0 | _aZona libre | |
| 650 | 4 |
_aLiteratura inglesa _95228 |
|
| 905 | _aLibro | ||
| 999 |
_c166471 _d166471 |
||